000 00279nam a22001097a 4500
008 160428b xxu||||| |||| 00| 0 eng d
020 _a9781416099956
041 _aeng
080 _a618.2
245 _aIntroduction to medical surgical nursing:
_cNancy K. Maebius;
942 _2udc
_cBK
999 _c1650
_d1650